Quiz sur le Nouveau-Brunswick - Statistiques

Statistiques générales
  • Ce quiz a été pris 127 fois
  • Le résultat moyen est 10 sur 18
Statistiques - réponses
Question Réponse % Correct
Provinces canadiennes bordant leNouveau-Brunswick Québec
92%
État américain frontalier du Nouveau-Brunswick Maine
84%
Provinces canadiennes bordant leNouveau-Brunswick Nouvelle-Écosse
82%
Pays qui ont formellement possédé le territoire du Nouveau-Brunswick France
76%
Pays qui ont formellement possédé le territoire du Nouveau-Brunswick Royaume-Uni
76%
Capitale Fredericton
75%
Région culturelle francophone, située majoritairement au Nouveau-Brunswick Acadie
68%
Le Nouveau-Brunswick est la seule province canadienneayant deux ... Langues officielles
65%
Chaîne de montagnes qui traverse le Nouveau-Brunswick Appalaches
62%
↳Son drapeau ne diffère de celui de la France que par ce symbole Étoile
56%
Ensemble de trois provinces dont fait partie le Nouveau-Brunswick Provinces {maritimes}
54%
Le Nouveau-Brunswick est célèbre pour la pêche de cet animal Homard
51%
La ville de Hartland possède le ____ couvert le plus long au monde Pont
45%
Dans quel pays se situe la ville de Brunswick d'origine? Allemagne
43%
Élément figurant sur la majorité du drapeau Navire
38%
Ville la plus peuplée Saint-Jean
33%
Oiseau emblématique {Mésange} à tête noire
17%
800 zones hivernales protègent cet animal Chevreuil
8%
Aucun quiz correspondant
Distribution des résultats
% des personnes avec chaque résultat
Percentile par nombre de réponses
Votre historique - résultats
Vous n’avez pas pris ce quiz